000 00710nam a2200289Ia 4500
005 20260324150912.0
008 008 260324s9999 xx 000 0 eng d
020 _a9780429351853
037 _aEBOOK
040 _aCRL
040 _beng
040 _cCRL
041 _2eng
041 _aeng
084 _qCRL
100 _aGeorge E. G. Catlin
_91227820
245 2 _aA Study of the Principles of Politics
245 0 _bBeing an Essay Towards Political Rationalization
260 _bTaylor and Francis
260 _c1930
365 _a
365 _b230
856 _uhttp://www.taylorfrancis.com/books/9780429351853
942 _cEBOOK
999 _c1838262
_d1838262